Wyučowánj Konfirmandu dra Jána Seberiniho

Bibliographic Details
Main Authors: Seberini, Ján, 1780-1857 (Author), Seberini, Gustáv Adolf, 1816-1890 (Author)
Format: Book
Language:Slovak
PhysicalDescription:87 s. 8°
Published: Budapešť Viktor Hornyánszky 1909
Edition:Po páté wydané [=6. vyd.] i s přídawky od Gustawa Seberinyho
Series:Protestans nép iskolai könyvek tára
Subjects:

MARC

LEADER 00000nam a2200000 a 4500
001 vtls008395585
003 SK-MaSNL
005 20260301145600.0
008 251124s1909 hu slo
015 |a SKSNBA19011918-001888 
035 |a SK01SNKBSKFE20010087802 
035 |a SKM000090265 
040 |a SNK  |b slo  |c SNK  |e AACR2 
041 1 |a slo 
044 |a hu 
080 |a 265  |2 1981 
100 1 |a Seberini, Ján,  |d 1780-1857  |4 aut  |9 218607 
245 1 0 |a Wyučowánj Konfirmandu dra Jána Seberiniho 
250 |a Po páté wydané [=6. vyd.] i s přídawky od Gustawa Seberinyho 
260 |a Budapešť  |b Viktor Hornyánszky  |c 1909  |e Budapešť  |f Viktor Hornyánszky 
300 |a 87 s.  |c 8° 
490 0 |a Protestans nép iskolai könyvek tára  |v rész. V 
500 |a Fraktúrou 
650 0 7 |a cirkev evanjelická a. v.  |x konfirmácia  |x príprava  |2 SNK  |9 346259 
650 0 7 |a knihy  |2 SNKPH  |9 19731 
700 1 |a Seberini, Gustáv Adolf,  |d 1816-1890  |4 aut  |9 218610 
830 0 |a Protestans nép iskolai könyvek tára  |9 505584 
852 |a Slovenská národná knižnica v Martine  |b 10000  |h MS SD 4800 
852 |a Univerzitná knižnica v Bratislave  |b 300000  |h SD 10622 
958 |a ONDV 
958 |a RK 
958 |a TL 
999 |c 780680  |d 782610 
952 |a SNK  |b SNK  |y VYP  |7 0  |p 17A0654208  |o snkSD 4800 D1  |i snkD 1567/74  |8 1  |3 rekatalogizácia  |0 0  |1 0  |4 0  |d 2007-05-24  |l 0  |r 2026-02-24 01:03:29  |w 2026-02-24 
952 |a SNK  |b SNK  |y VYP  |7 0  |p 17A0542478  |o snkSD 4800 D2  |i snkF 2838/81  |8 5  |3 rekatalogizácia  |0 0  |1 0  |4 0  |d 2007-05-24  |l 0  |r 2026-02-24 01:03:29  |w 2026-02-24 
952 |a SNK  |b SNK  |y PREZ  |7 0  |p 17A0907871  |o snkSD 4800  |i snk4834/49  |0 0  |1 0  |4 0  |d 2018-07-04  |l 0  |r 2025-11-11 00:00:00  |w 2026-02-24